Villes du monde les plus proches de Rome - Statistiques

Statistiques générales
  • Ce quiz a été pris 129 fois
  • Le résultat moyen est 12 sur 20
Statistiques - réponses
km ville % Correct
478 Milan
95%
189 Naples
93%
524 Turin
84%
765 Vienne
84%
604 Marseille
82%
750 Lyon
72%
860 Barcelone
68%
697 Munich
67%
601 Tunis
65%
684 Zürich
64%
995 Alger
63%
719 Belgrade
54%
809 Budapest
54%
922 Prague
54%
1006 Tripoli
45%
960 Francfort
35%
808 Stuttgart
31%
895 Sofia
29%
848 Nuremberg
17%
900 Mannheim
6%
Aucun quiz correspondant
Distribution des résultats
% des personnes avec chaque résultat
Percentile par nombre de réponses
Votre historique - résultats
Vous n’avez pas pris ce quiz